Hodnotenie drevoprodukčného potenciálu územia CHKO-BR Poľana a jeho využitie v krajinno-ekologickom výskume

Bibliographic Details
Main Author: Gallay, Igor, 1975- (Author)
Format: Article
Language:Slovak
PhysicalDescription:Obr., tab.
ISSN:1336-300X
Subjects:

MARC

LEADER 00000nab a2200000 ar4500
001 vtls009299842
003 SK-MaSNL
005 20260305041848.0
008 080603c2002 xo |||||||||||000 b|slo
015 |a SNBRB2008/06  |2 snkbucl 
038 |a SNKBUCL 
040 |a SNKBUCL  |b slo  |c SNKBUCL  |e AACR2 
041 1 |a slo  |b eng 
044 |a xo  |c SK 
080 |a 630:504.54  |x (437.6)  |2 1997 
080 |a 504.54  |x (437.6)  |2 1997 
080 |a 502.4  |x (437.6)  |2 1997 
100 1 |a Gallay, Igor,  |d 1975-  |4 aut  |9 28418 
245 1 0 |a Hodnotenie drevoprodukčného potenciálu územia CHKO-BR Poľana a jeho využitie v krajinno-ekologickom výskume  |c Igor Gallay 
300 |b Obr., tab. 
504 |a Bibliogr. odkazy 
546 |a Res. angl. 
650 0 7 |a lesníctvo  |2 snkbucl  |9 1255 
650 0 7 |a produkčný potenciál (pôdohospodárstvo)  |2 snkbucl  |9 73844 
650 0 7 |a drevo  |2 snkbucl  |9 3560 
650 0 7 |a krajinná ekológia  |2 snkbucl  |9 3811 
650 0 7 |a vegetácia  |2 snkbucl  |9 15727 
650 0 7 |a krajinnoekologické výskumy  |2 snkbucl  |9 1569891 
651 7 |a Biosférická rezervácia Poľana (Slovensko)  |2 snkbucl  |9 98770 
773 0 |t Acta Facultatis Ecologiae : journal of Faculty of Ecology and Environmental Sciences Technical University in Zvolen  |g Vol. 9, 2002, s. 39-46  |x 1336-300X 
852 |a SNK  |b KIS3GCP 
958 |a NB 
958 |a SK 
999 |c 3345239  |d 3347169